ბათუმის შოთა რუსთაველის სახელმწიფო უნივერსიტეტის ბიბლიოთეკა

The Empire Builders : (ბიბ.ჩანაწერი № 60521)

000 -LEADER
fixed length control field 00492nam a22001577a 4500
005 - DATE AND TIME OF LATEST TRANSACTION
control field 20230810172115.0
008 - FIXED-LENGTH DATA ELEMENTS--GENERAL INFORMATION
fixed length control field 230810s1974 enk||||| |||| 00| 0 eng d
041 ## - LANGUAGE CODE
Language code of text/sound track or separate title eng
080 ## - UNIVERSAL DECIMAL CLASSIFICATION NUMBER
Universal Decimal Classification number 94 H-65
100 ## - MAIN ENTRY--PERSONAL NAME
Personal name Hicks, Jim.
9 (RLIN) 19662
245 ## - TITLE STATEMENT
Title The Empire Builders :
Remainder of title (The Emergence of Man Series) /
Statement of responsibility, etc. Editors Of Time-Life Books; Time-Life Books.
264 ## - PRODUCTION, PUBLICATION, DISTRIBUTION, MANUFACTURE, AND COPYRIGHT NOTICE
Date of production, publication, distribution, manufacture, or copyright notice 1974.
300 ## - PHYSICAL DESCRIPTION
Extent 160 p. :
Other physical details ill. ;
Dimensions 30 cm.
653 ## - INDEX TERM--UNCONTROLLED
keyword იმპერიის მშენებლები
942 ## - ADDED ENTRY ELEMENTS (KOHA)
Source of classification or shelving scheme
Koha item type წიგნი
ეგზემპლარები
Withdrawn status Lost status Source of classification or shelving scheme Damaged status Not for loan Permanent Location Current Location Shelving location Date acquired Cost, normal purchase price Full call number Barcode Date last seen Copy number Uniform Resource Identifier Price effective from Koha item type Public note
          ბათუმის შოთა რუსთაველის სახელმწიფო უნივერსიტეტის მთავარი ბიბლიოთეკა ბათუმის შოთა რუსთაველის სახელმწიფო უნივერსიტეტის მთავარი ბიბლიოთეკა წიგნსაცავი 2023-08-10 10.00 94 H-65 65135 2023-08-10 65135 ბსუ-ს საპატიო დოქტორის გურამ ლორთქიფანიძის საჩუქარი 2023-08-10 წიგნი 10 ლ.